000 01185nam a2200325Ia 4500
001 dia_2224
003 CHAP
005 20251021141459.0
008 220117s xx 000 0 und d
010 _a172743
040 _cCHAP
082 _a664.807 U55 [196-?]
110 _aUnited Fresh Fruit and Vegetable Association
_9152420
245 _aNutritive value of fruits and vegetables /
_c United Fresh Fruit and Vegetable Association
260 _aEstados Unidos de América :
_b United Fresh Fruit and Vegetable Association,
_c
300 _a[13] h.
500 _aMaterial fotocopiado
590 _aTX557 U55 [196-?]
650 _aContenido de nutrientes
_xTablas
_9152421
650 _aFruits
_xNutritive value
_9152422
650 _aFrutas
_xValor nutritivo
_9152423
650 _aHortalizas
_xValor nutritivo
_9152424
650 _aNutrient content
_xTables, etc.
_9152425
650 _aVegetables
_xNutritive value
_9152426
710 _aUnited Fresh Fruit and Vegetable Association (U. S. A.)
_9152427
901 _a664.807 U55 [196-?]
902 _aM
905 _a523227 -usn 8122223322eng16
942 _cLIBRO
_2ddc
999 _c172743
_d172743